000 04191nam0a22005411 4500
001 RU\NLR\UK\254
005 20260407111934.0
035 _a(NLR Aleph) 009798056
090 _a10163848
_c10163848
100 _a20260120 rusy50
101 0 _arus
102 _aRU
105 _ay n 000yy
135 _acrbn 001aaaba
200 1 _aУказ его императорскаго величества самодержца всероссийскаго,
_e[О наказании крестьянина Чугина, солдата Подпорова и ямщика Малышева за ложный донос и за напрасное утруждение его величества просьбою]
_eИз Правительствующаго Сената, обьявляется во всенародное известие
210 _aПечатан в Санктпетербурге
_cПри Сенате
_d18 мая 1762
215 _a[4] с.
_d
304 _aТекст начинается словами: В 1756 году июля от 27 дня, в присланном в Правительствующий Сенат от дежурнаго генерала-адьютанта сообщении написано...
304 _aПод текстом на с.[4]: Подлинной за подписанием Правительствующаго Сената
304 _aНазв. указа дано по ПСЗ
305 _aСенат. указ от 18 мая 1762 г.
306 _aВых. дан. указаны под М.П. на с.[4]
316 _aЭкз. РНБ (18.43.1.12-1) является частью владельч. конволюта. Припл. ... ед. Составной картонный переплет, оклееенный мраморной бумагой с кожанными уголками и корешком. На корешке: тисненая золотом надпись "Высочайшие указы из Правительствующаго Сената с 1762 по 1840 г."; тисненый золотом суперэкслибрис РНБ "И.Б." и бумаж. наклейка с цифрами "12". На нижней крышке переплета экслибрис с шифром РНБ. На форзаце марка-ярлык с шифром РНБ. На с.[1] рукоп. надпись техн. характера и круглый штамп ГПБ.
_5NLR: 18.43.1.12-1
321 _aПСЗ. Т.15. 11539
325 _aКопия доступна в Электрон. б-ке РНБ
517 1 _aО наказании крестьянина Чугина, солдата Подпорова и ямщика Малышева за ложный донос и за напрасное утруждение его величества просьбою
702 0 _4720
_7ca
_8rus
_aПетр
_cимператор российский
_dIII
_f1728-1762
_9121339
_3RU\NLR\AUTH\7711597
702 1 _4570
_7ca
_8rus
_aЧугин
_bП.
_cкрестьянин
_f18 в.
_gПётр
_9206415
_3RU\NLR\AUTH\770206467
702 1 _4570
_7ca
_8rus
_aПодпоров
_bН.
_cсолдат
_f18 в.
_gНикифор
_9206417
_3RU\NLR\AUTH\770206469
702 1 _4570
_7ca
_8rus
_aМалышев
_bИ.
_cямщик
_f18 в.
_gИлья
_9206418
_3RU\NLR\AUTH\770206470
710 0 1 _aРоссия
_bИмператор
_c1761-1762; Петр III
_9584934
_3RU\NLR\AUTH\8810042743
712 0 2 _4610
_aСенатская типография
_cПетербург
_9375085
_3RU\NLR\AUTH\889940127
801 0 _aRU
_bNLR
_c20030407
852 _aNLR
_j18.43.1.12-1
852 _aNLR
_j18.14.1.36-52
852 _aNLR
_j123/138
856 0 _uhttp://vivaldi.nlr.ru/lk000002620/view
856 1 _uhttp://vivaldi.nlr.ru/lk000002620/cover
856 2 _uhttp://vivaldi.nlr.ru/lk000002620/text
942 _cBOOK
980 _aNB
980 _aA1XVIIIv
980 _aA1UKAZ
981 3 6 _a(36) Цифровой репозиторий РНБ
981 1 6 _a(16) Законодательные акты Российской империи